Central Library OPAC University of Rajshahi

Electronics / (Record no. 8942)

MARC details
000 -LEADER
fixed length control field 00739nam a2200229 a 4500
001 - CONTROL NUMBER
control field 8942
003 - CONTROL NUMBER IDENTIFIER
rucl marc code BD-RjUL
005 - DATE AND TIME OF LATEST TRANSACTION
control field 20211208234701.0
008 - FIXED-LENGTH DATA ELEMENTS--GENERAL INFORMATION
fixed length control field 170509r19581954nyua 001 0 eng d
035 ## - SYSTEM CONTROL NUMBER
System control number (BD-RjUL)8987
040 ## - CATALOGING SOURCE
Original cataloging agency DLC
Transcribing agency DXU
Modifying agency IQU
-- OCLCQ
-- MYG
-- BD-RjUL
Language of cataloging eng
041 ## - LANGUAGE CODE
Language code of text/sound track or separate title eng
082 04 - DEWEY DECIMAL CLASSIFICATION NUMBER
Classification number 621.381
Edition number 23
Author mark and year COE 1958
100 1# - MAIN ENTRY--PERSONAL NAME
Personal name Corcoran, George F.
Fuller form of name (George Francis),
Dates associated with a name 1900-
9 (RLIN) 26964
245 10 - TITLE STATEMENT
Title Electronics /
Statement of responsibility, etc. George F. Corcoran, Henry W. Price.
260 ## - PUBLICATION, DISTRIBUTION, ETC. (IMPRINT)
Place of publication, distribution, etc. New York ;
Name of publisher, distributor, etc. Wiley ;
Place of publication, distribution, etc. London :
Name of publisher, distributor, etc. Chapman & Hall,
Date of publication, distribution, etc. c1954 [printing 1958]
300 ## - PHYSICAL DESCRIPTION
Pagination x, 459 p. :
Illustrations ill. ;
Size 24 cm.
500 ## - GENERAL NOTE
General note Includes index.
650 #0 - SUBJECT ADDED ENTRY--TOPICAL TERM
Topical term or geographic name as entry element Electronics.
9 (RLIN) 27771
700 1# - ADDED ENTRY--PERSONAL NAME
Personal name Price, Henry W.
Fuller form of name (Henry Williams),
Dates associated with a name 1922-
942 ## - ADDED ENTRY ELEMENTS (KOHA)
Source of classification or shelving scheme Dewey Decimal Classification
Koha item type Books
Holdings
Lost status Source of classification or shelving scheme Damaged status Not for loan Collection code Permanent Location Current Location Shelving location Date acquired Source of acquisition Cost, normal purchase price Total Checkouts Full call number Date last seen Copy number Koha item type
  Dewey Decimal Classification     Non-fiction Central Library, University of Rajshahi Central Library, University of Rajshahi   09/02/1963 Zeitlinger 53.00   621.381 COE 1958 20/01/2014 C-6 Books
  Dewey Decimal Classification   Not For Loan Non-fiction Central Library, University of Rajshahi Central Library, University of Rajshahi Reading Room 09/02/1963 Zeitlinger 53.00   621.381 COE 1958 09/05/2017 C-1 Books
  Dewey Decimal Classification     Non-fiction Central Library, University of Rajshahi Central Library, University of Rajshahi   09/02/1963 Zeitlinger 53.00   621.381 COE 1958 09/05/2017 C-2 Books
  Dewey Decimal Classification     Non-fiction Central Library, University of Rajshahi Central Library, University of Rajshahi   09/02/1963 Zeitlinger 53.00   621.381 COE 1954 09/05/2017 C-3 Books
  Dewey Decimal Classification     Non-fiction Central Library, University of Rajshahi Central Library, University of Rajshahi   09/02/1963 Zeitlinger 53.00   621.381 COE 1954 09/05/2017 C-4 Books
  Dewey Decimal Classification     Non-fiction Central Library, University of Rajshahi Central Library, University of Rajshahi   22/09/1958 Jona Wren & sons 12.60   621.381 COE 1954 09/05/2017 C-5 Books
  Dewey Decimal Classification     Non-fiction Central Library, University of Rajshahi Central Library, University of Rajshahi   09/02/1963 Zeitlinger 53.00   621.381 COE 1958 09/05/2017 C-7 Books
  Dewey Decimal Classification     Non-fiction Central Library, University of Rajshahi Central Library, University of Rajshahi   09/02/1963 Zeitlinger 53.00   621.381 COE 1958 13/05/2017 C-8 Books
  Dewey Decimal Classification     Non-fiction Central Library, University of Rajshahi Central Library, University of Rajshahi   09/04/1968 Zeitlinger     621.381 COE 1963 16/05/2017 C-9 Books
  Dewey Decimal Classification     Non-fiction Central Library, University of Rajshahi Central Library, University of Rajshahi   08/11/1965 Zeitlinger 64.00   621.381 COE 1963 16/05/2017 C-10 Books